The prophets of Israel and their place in History (Record no. 144983)
[ view plain ]
| 000 -LEADER | |
|---|---|
| campo de control de longitud fija | 00690nam a2200181 4500 |
| 001 - NÚMERO DE CONTROL | |
| campo de control | 144983 |
| 003 - IDENTIFICADOR DE NÚMERO DE CONTROL | |
| campo de control | ES-MaACL |
| 005 - FECHA Y HORA DE LA ÚLTIMA TRANSACCIÓN | |
| campo de control | 20230906201135.0 |
| 007 - CAMPO FIJO DE DESCRIPCIÓN FÍSICA--INFORMACIÓN GENERAL | |
| campo de control de longitud fija | t| |
| 008 - DATOS DE LONGITUD FIJA--INFORMACIÓN GENERAL | |
| campo de control de longitud fija | 070214s1912 xxk r ||||1| eng d |
| 080 ## - NÚMERO DE LA CLASIFICACIÓN DECIMAL UNIVERSAL | |
| Número de la Clasificación Decimal Universal | 224.21"17" |
| 100 1# - ENTRADA PRINCIPAL--NOMBRE DE PERSONA | |
| Nombre de persona | Smith, William Robertson. |
| 9 (RLIN) | 106934 |
| 245 14 - MENCIÓN DEL TÍTULO | |
| Título | The prophets of Israel and their place in History |
| Resto del título | : to the close of the eighth century B. C. / |
| Mención de responsabilidad, etc. | by the late W. Robertson Smith ; with introduction and additional notes by T. K. Cheyne. |
| 260 ## - PUBLICACIÓN, DISTRIBUCIÓN, ETC. | |
| Lugar de publicación, distribución, etc. | London : |
| Nombre del editor, distribuidor, etc. | A. and C. Black, |
| Fecha de publicación, distribución, etc. | 1912 ( |
| Lugar de fabricación/manufactura | Edinburgh : |
| Fabricante | Neill and Co.) |
| 300 ## - DESCRIPCIÓN FÍSICA | |
| Extensión | LVIII, 446 p. ; |
| Dimensiones | 21 x 13 cm. |
| 700 1# - ENTRADA AGREGADA--NOMBRE PERSONAL | |
| Nombre de persona | Cheyne, T. K. ( |
| Forma completa/desarrollada del nombre | Thomas Kelly) |
| 9 (RLIN) | 38446 |
| 852 ## - LOCALIZACIÓN | |
| Ubicación | ES-MaACL |
| Número de control de estantería | C-739 |
| Estatus retirado | Estado de pérdida | Estado de daño | No para préstamo | Biblioteca de origen | Biblioteca actual | Ubicación en estantería | Fecha de adquisición | Fuente de adquisición | Total de préstamos | Signatura topográfica completa | Código de barras | Visto por última vez | Precio de reemplazo | Tipo de ítem Koha |
|---|---|---|---|---|---|---|---|---|---|---|---|---|---|---|
| Biblioteca del Ateneo de Madrid | Biblioteca del Ateneo de Madrid | Sala Palomar | 17/01/2008 | C-739 | 1151304 | 23/02/2023 | 23/02/2023 | Libro impreso |
